• 首页
  • 本馆介绍
  • 公告通知
  • 最新文献
  • 馆藏检索
  • 电子资源
  • 读者导购
  • 参考咨询
  • 我的图书馆
  • 登录
  • 详细信息显示
  • 放入我的书架
  • 预约/预借图书
  • 作者相关作品
  • 分类相关作品
  • 丛书相关作品
  • 出版社相关作品

书目信息

  • 表格格式
  • 工作单格式
  • 卡片格式
题名:
教育行政学
    
 
作者: 吴志宏 著
分册:  
出版信息: 北京   人民教育出版社  2000
页数: 336页
开本: 20cm
丛书名:
单 册:
中图分类: G46
科图分类:
主题词: 教育行政
电子资源:
ISBN: 7-107-13438-8
000 00754nam0 2200217 450
001 0743063229
005 20070625082108.39
010    @a7-107-13438-8@dCNY23.00
100    @a20070623d2000 km y0chiy0120 ea
101 0  @achi
102    @aCN@b110000
200 1  @a教育行政学@Ajiao yu xing zheng xue@f吴志宏著@Fwu zhi hong zhu
210    @a北京@c人民教育出版社@d2000
215    @a336页@d20cm
300    @a本书是教育部"九五"规划重点图书 由人民教育出版社资助出版
330    @a本书主要介绍了管理思想的演变和教育行政管理,教育行政体制和教育行政机构,教育组织及其管理过程和原则,教育行政领导、组织行为研究和教育行政等内容。
606 0  @a教育行政
690    @aG46@v3
701  0 @a吴志宏@Awu zhi hong@4著
801  0 @aCN@bPFT@c20070625
905    @a10447@dG46@e13
    
    教育行政学/吴志宏著.-北京:人民教育出版社,2000
    336页;20cm
    本书是教育部"九五"规划重点图书 由人民教育出版社资助出版
    
    ISBN 7-107-13438-8:CNY23.00
    本书主要介绍了管理思想的演变和教育行政管理,教育行政体制和教育行政机构,教育组织及其管理过程和原则,教育行政领导、组织行为研究和教育行政等内容。
●
相关链接 在E读中查询图书 在五车中查询图书 在当当中查询图书 在豆瓣中查询图书


正题名:教育行政学     索取号:G46/13         预约/预借

序号 登录号 条形码 馆藏地/架位号 状态 备注
1 0676688   206766882   第一样本阅览室/ [索取号:G46/13] 在馆    
2 0676689   206766891   密集书库/ [索取号:G46/13] 在馆    
3 0676690   206766908   密集书库/ [索取号:G46/13] 在馆    
4 0676691   206766917   密集书库/ [索取号:G46/13] 在馆    
5 0676692   206766926   密集书库/ [索取号:G46/13] 在馆    
6 0676693   206766935   库房3/ [索取号:G46/13] 在馆    
7 0676694   206766944   库房3/ [索取号:G46/13] 在馆    
8 0676695   206766953   库房3/ [索取号:G46/13] 在馆    
9 0676696   206766962   库房3/ [索取号:G46/13] 在馆    
10 0676697   206766971   库房3/ [索取号:G46/13] 在馆    
11 0676698   206766980   库房3/ [索取号:G46/13] 在馆    
12 0676699   206766999   库房3/ [索取号:G46/13] 在馆    
13 0676700   206767006   库房3/ [索取号:G46/13] 在馆    
14 0676701   206767015   库房3/ [索取号:G46/13] 在馆    
15 0676702   206767024   库房3/ [索取号:G46/13] 在馆    
16 0676703   206767033   库房3/ [索取号:G46/13] 在馆    
17 0676704   206767042   库房3/ [索取号:G46/13] 在馆    
18 0676705   206767051   库房3/ [索取号:G46/13] 在馆    
19 0676706   206767060   库房3/ [索取号:G46/13] 在馆    
20 0676707   206767079   库房3/ [索取号:G46/13] 在馆    
21 0676708   206767088   库房3/ [索取号:G46/13] 在馆    
22 0676709   206767097   库房3/ [索取号:G46/13] 在馆    
23 0676710   206767104   库房3/ [索取号:G46/13] 在馆    
24 0676711   206767113   库房3/ [索取号:G46/13] 在馆    
25 0676712   206767122   库房3/ [索取号:G46/13] 在馆    
26 0676713   206767131   库房3/ [索取号:G46/13] 在馆    
27 0676714   206767140   库房3/ [索取号:G46/13] 在馆    
28 0676715   206767159   库房3/ [索取号:G46/13] 在馆    
29 0676716   206767168   库房3/ [索取号:G46/13] 在馆    
30 0676717   206767177   库房3/ [索取号:G46/13] 在馆    
31 0676718   206767186   库房3/ [索取号:G46/13] 在馆    
32 0676719   206767195   库房3/ [索取号:G46/13] 在馆    
唐山师范学院图书馆 欢迎您!
大连网信软件有限公司© 版权所有